Frames of mind : the theory of multiple intelligences
Αποθηκεύτηκε σε:
| Κύριος συγγραφέας: | |
|---|---|
| Μορφή: | Βιβλίο |
| Γλώσσα: | English |
| Δημοσίευση: |
London :
Fontana Press,
1993.
|
| Έκδοση: | 2nd ed. |
| Θέματα: | |
| Ετικέτες: |
Προσθήκη ετικέτας
Δεν υπάρχουν, Καταχωρήστε ετικέτα πρώτοι!
|
MARC
| LEADER | 00000cam a2200000 i 4500 | ||
|---|---|---|---|
| 001 | 1/17403 | ||
| 008 | 010221s1993 enk| ||| |||| ||eng|| | ||
| 020 | |a 000686290X | ||
| 035 | |l 10066123 | ||
| 040 | |a GR-MyUa |b gre |e AACR2 | ||
| 041 | 0 | |a eng | |
| 082 | 7 | |a 153.9 |2 (22) | |
| 100 | 1 | |a Gardner, Howard, |d 1943- | |
| 245 | 1 | 0 | |a Frames of mind : |b the theory of multiple intelligences / |c Howard Gardner. |
| 250 | |a 2nd ed. | ||
| 260 | |a London : |b Fontana Press, |c 1993. | ||
| 300 | |a xxix, 463 σ. ; |c 20 εκ. | ||
| 504 | |a Περιλαμβάνει βιβλιογραφικές παραπομπές και ευρετήρια. | ||
| 650 | 0 | |a Multiple intelligences. | |
| 852 | |a INST |b SYROS |e 20010221 |h 153.9 GAR |p 005500001730 |q 005500001730 |t BK |y 0 | ||
| 901 | |a BIBL5-2001-1 | ||
| 970 | |a Κοντού |b Παρασκευή |z 21/02/2001 | ||